00414nam a2200157Ia 450000500170000000800410001702000150005808200210007310000130009424500430010726000540015030000160020465000150022065000100023565000110024520250206010100.0240331s9999 xx 000 0 und d a0863582117 bPRI23552a305.4 aPrice, J 0aMotherhood:bWhat it Does To Your Mind aLondon;aSydney;aWellingtonbPandora Pressc1988 aix, 155 p., aMotherhood aWomen aFamily